| 000 | 01164pam a2200385 a 4500 | ||
|---|---|---|---|
| 001 | 579537 | ||
| 003 | OSt | ||
| 005 | 20140310184258.0 | ||
| 008 | 900711s1991 nyua j 000 1 eng | ||
| 010 | _a 90006608 | ||
| 020 | _a0439148049 | ||
| 040 |
_aDLC _cDLC _dDLC |
||
| 042 | _alcac | ||
| 050 | 0 | 0 |
_aPZ 7 _b.C5792St 1999 |
| 100 | 1 |
_aCleary, Beverly. _96061 |
|
| 245 | 1 | 0 |
_aStrider / _cBeverly Cleary ; illustrated by Paul O. Zelinsky. |
| 260 |
_aNew York : _bScholastic Inc., _c1999. |
||
| 300 |
_a152 p. : _bill. ; _c19 cm. |
||
| 521 | _aG6 | ||
| 526 | _c840 | ||
| 541 | _j1 | ||
| 541 | _j1 | ||
| 541 | _j2 | ||
| 562 | _e3 | ||
| 650 | 1 |
_aDogs _xFiction. _922949 |
|
| 650 | 1 |
_aDivorce _xFiction. _922950 |
|
| 650 | 1 |
_aHigh schools _xFiction. _922951 |
|
| 650 | 1 |
_aSchools _xFiction. _922952 |
|
| 650 | 1 |
_aDiaries _xFiction. _922953 |
|
| 700 | 1 |
_aZelinsky, Paul O., _eill. _922954 |
|
| 856 | 4 | 2 |
_3Publisher description _uhttp://www.loc.gov/catdir/description/hc043/90006608.html |
| 906 |
_a7 _bcbc _corignew _d1 _eocip _f19 _gy-gencatlg |
||
| 942 |
_2lcc _cBK-SCHOLAS |
||
| 999 |
_c33430 _d33430 |
||